Changes in the Wage Structure During Economic Transition in Central and Eastern Europe (Record no. 3318)

MARC details
000 -LEADER
fixed length control field 00518nam a22001937i 4500
001 - CONTROL NUMBER
control field 3368
003 - CONTROL NUMBER IDENTIFIER
control field OSt
005 - DATE AND TIME OF LATEST TRANSACTION
control field 20170126082317.0
007 - PHYSICAL DESCRIPTION FIXED FIELD--GENERAL INFORMATION
fixed length control field tu
008 - FIXED-LENGTH DATA ELEMENTS--GENERAL INFORMATION
fixed length control field 161220s1996 xxu||||| |||| 00| 0 d
024 7# - OTHER STANDARD IDENTIFIER
Standard number or code 3367
Source of number or code RID
040 ## - CATALOGING SOURCE
Transcribing agency OSt
084 ## - OTHER CLASSIFICATION NUMBER
Classification number 19.93
-- 19.33
Number source z
100 1# - MAIN ENTRY--PERSONAL NAME
Personal name Rutkowski, Jan J.
245 00 - TITLE STATEMENT
Title Changes in the Wage Structure During Economic Transition in Central and Eastern Europe
260 ## - PUBLICATION, DISTRIBUTION, ETC.
Place of publication, distribution, etc. Washington :
Name of publisher, distributor, etc. World Bank,
Date of publication, distribution, etc. 1996.
300 ## - PHYSICAL DESCRIPTION
Extent 55 S. ;
Dimensions 30cm.
490 ## - SERIES STATEMENT
Series statement World Bank Technical Paper
Volume/sequential designation 340
942 ## - ADDED ENTRY ELEMENTS (KOHA)
Koha item type Book
Holdings
Withdrawn status Lost status Damaged status Not for loan Home library Current library Shelving location Date acquired Inventory number Total Checkouts Full call number Barcode Date last seen Price effective from Koha item type
        WIIW WIIW Library 01/22/1997 3368   II-6.126/340 303366 01/26/2017 01/26/2017 Book
The Vienna Instiute for International Economic Studies (wiiw)